000 00405nam a22001457a 4500
999 _c534853
_d534853
020 _a9788174733450
082 _a658.15
100 _aSingh, S.P.
245 _aIndustrial Economics and Management /
_cS.P. Singh
_h
260 _aNew Delhi :
_bAITBS Publishers,
_c2010.
300 _a390 p. ;
_c24 cm.
942 _2ddc
_cBK